Graphic design cookbook : Mix + match recipes for faster, better layouts

Bibliographic Details
Main Author: Koren, Leonard
Other Authors: Meckler, R. Wippo
Format: Book
Published: San Francisco : Chromicle Books , 1989
Subjects:

MARC

LEADER 00000cam a2200000 7i4500
001 0000015434
005 20050701.0
020 |a 0811831809 
040 |a INS 
090 0 0 |a Z246   |b K67 1989 
100 1 |a Koren, Leonard 
245 0 0 |a Graphic design cookbook :   |b Mix + match recipes for faster, better layouts   |c Leornard Koren 
260 |a San Francisco :   |b Chromicle Books ,   |c 1989 
300 |a 142p ;   |c 21cm. 
650 0 0 |a Graphics arts 
650 0 0 |a Printing, practical   |x Layout 
700 1 |a Meckler, R. Wippo 
999 |a 0000015386   |b BOOK   |c Open Shelf   |e Default branch